00578nam a2200205 a 450000100060000000300080000600500170001400800410003103500190007204000180009104100080010908200260011710000310014324500510017426000460022530000250027150000200029650400300031665000260034654300BD-RjUL20211209080112.0161105r19611950nyu b 001 0 eng  a(BD-RjUL)54422 aDLCcDLCbeng aeng 223a519.542bWAS 19611 aWald, Abraham,d1902-1950.10aStatistical decision functions /cAbraham Wald aNew York :bWiley,cc1950 [printing 1961] aix, 179 p. ;c24 cm. aIncludes index. aBibliography: p. 169-172. 0aStatistical decision.